[Event "EU-ch U12 27th"]
[Site "Mamaia"]
[Date "2017.09.11"]
[Round "6"]
[White "Pham, Khoi"]
[Black "Akbay, Samet"]
[Result "0-1"]
[WhiteElo "1895"]
[BlackElo "1579"]
[PlyCount "93"]
[EventDate "2017.09.05"]
[EventType "swiss"]
[EventRounds "9"]
[EventCountry "ROU"]
[SourceTitle "CBM 180 Extra"]
[Source "ChessBase"]
[SourceDate "2017.10.06"]
[SourceVersion "1"]
[SourceVersionDate "2017.10.06"]
[SourceQuality "1"]

1. e4 e6 2. d4 d5 3. Nc3 Nf6 4. e5 Nfd7 5. f4 c5 6. Nf3 Nc6 7. Be3 Qb6 8. a3 cxd4 9. Nxd4 Bc5 10. Na4 Qa5+ 11. c3 Bxd4 12. Bxd4 0-0 13. b4 Qc7 14. Bd3 f5 15. 0-0 b6 16. g4 Ne7 17. Rc1 Bb7 18. Qb3 fxg4 19. c4 Qd8 20. c5 Nc6 21. Be3 Qh4 22. Bf2 Qh3 23. Bg3 Nd4 24. Qb2 Nf3+ 25. Rxf3 gxf3 26. c6 f2+ 27. Kxf2 Bxc6 28. Rxc6 g5 29. f5 exf5 30. Bf1 Qh5 31. Be2 Qe8 32. Rh6 f4 33. Bh4 gxh4 34. Qc2 Qe7 35. Bf3 Nxe5 36. Bxd5+ Kh8 37. Re6 Qg7 38. Bxa8 Ng4+ 39. Kf3 Rxa8 40. Qg2 Ne5+ 41. Kf2 Ng4+ 42. Ke2 Rc8 43. Qe4 Rf8 44. Re7 f3+ 45. Kd2 Qg5+ 46. Kc3 Qe3+ 47. Kb2 0-1

[Event "EU-ch U12 27th"]
[Site "Mamaia"]
[Date "2017.09.08"]
[Round "4"]
[White "Akbay, Samet"]
[Black "Musyuk, Lior"]
[Result "0-1"]
[WhiteElo "1579"]
[BlackElo "2087"]
[PlyCount "88"]
[EventDate "2017.09.05"]
[EventType "swiss"]
[EventRounds "9"]
[EventCountry "ROU"]
[SourceTitle "CBM 180 Extra"]
[Source "ChessBase"]
[SourceDate "2017.10.06"]
[SourceVersion "1"]
[SourceVersionDate "2017.10.06"]
[SourceQuality "1"]

1. e4 c5 2. Nc3 Nc6 3. g3 g6 4. Bg2 Bg7 5. d3 d6 6. Be3 e6 7. Qd2 h6 8. Nge2 Nd4 9. Bxd4 cxd4 10. Nb5 Qb6 11. Qb4 Ke7 12. Qc4 Bd7 13. a4 Rc8 14. Qb3 a6 15. Na3 Qa5+ 16. Kd1 Qxa4 17. Qxb7 Nf6 18. Qb3 Qa5 19. Nc1 Ba4 20. Qa2 Ng4 21. Nc4 Qh5 22. Bf3 Qh3 23. Ke2 Bb5 24. Qb3 g5 25. Na2 Ne5 26. Nxe5 Bxe5 27. Rag1 Rhf8 28. Bg2 Qh5+ 29. f3 Rc7 30. c4 dxc3 31. bxc3 Rfc8 32. Rc1 Qg6 33. Rc2 Qg8 34. Ke3 Qe8 35. Qa3 Ba4 36. Rcc1 Rb7 37. Rb1 Rcb8 38. Rxb7+ Rxb7 39. d4 Rb3 40. Qc1 Bg7 41. Qd2 Qc6 42. Rc1 Qb6 43. Qc2 Bxd4+ 44. Kd3 Be3 0-1